Statistics for Top 10 happiest countries

Click here to take the quiz!

General Stats

  • This quiz has been taken 96 times
    (81 since last reset)
  • The average score is 6 of 10

Answer Stats

Answer% Correct
sweden
92%
Canada
88%
Finland
87%
Iceland
87%
Denmark
73%
switzerland
71%
austria
51%
Bhutan
17%
Bahamas
16%
Brunei
9%

Score Distribution

Percentile by Number Answered

Percent of People with Each Score

Your Score History

You have not taken this quiz since the last reset